Los Costos y beneficios de la liberalización comercial /
में बचाया:
| मुख्य लेखक: | |
|---|---|
| अन्य लेखक: | |
| स्वरूप: | मूलपाठ |
| विषय: | |
| टैग: |
टैग जोड़ें
कोई टैग नहीं, इस रिकॉर्ड को टैग करने वाले पहले व्यक्ति बनें!
|
MARC
| LEADER | 00000 a a2200000 04500 | ||
|---|---|---|---|
| 001 | 8138 | ||
| 003 | |||
| 040 | |||
| 100 | |a McCalman, Phil | ||
| 245 | |a Los Costos y beneficios de la liberalización comercial / |c Phil McCalman ; M.K. Tang | ||
| 650 | |a LIBRE COMERCIO | ||
| 650 | |a POLITICA COMERCIAL | ||
| 650 | |a LIBERALIZACION ECONOMICA | ||
| 700 | |a Tang, M.K. | ||
| 773 | |g volumen 35, número 9; páginas 136-137 | ||
| 999 | |c 31068 |d 31068 | ||
